000 00974nam a2200205 a 4500
001 000039217
005 20201002031540.0
008 130611s1995 dr 000 0 spa d
020 _a8400045250
040 _aDO-SdBNP
_bspa
_cBNPHU
100 1 _aOgnibeni, Bruno
_965415
245 1 3 _aLa seconda parte del Sefer ʾOklah weʾoklah :
_bedizione del ms. Halle, Universitátsbibliotek Y b 4⁰ 10, ff. 68-124 /
_cpor Bruno Ognibeni.
246 1 0 _aSefer ʾOklah weʾoklah
260 _aMadrid :
_bInstituto de Filología del CSIC, Departamento de Filología Bíblica y de Oriente Antiguo:
_bUniversití de Fribourg,
_c1995.
300 _aLIII,556 [5] p. :
_bfacsims. ;
_c27 cm.
490 1 _aTextos y estudios "Cardenal Cisneros" de la Biblia Poliglota Matritense ;
_v57
546 _aTexto en español y hebreo
710 2 _aConsejo Superior de Investigaciones Científicas
_94786
830 0 _aTextos y estudios "Cardenal Cisneros" de la Biblia Poliglota Matritense ;
_v57
_915280
999 _c38707
_d38707